| 000 | 00942cam a2200265 i 4500 | ||
|---|---|---|---|
| 005 | 20260120112209.0 | ||
| 008 | 250721s2001 jo gr 000 0 ara d | ||
| 082 | 1 | 4 |
_a332.56 _bع ب د |
| 100 | 1 |
_aعبد النبي، جمال يوسف _eمؤلف. |
|
| 245 | 1 | 2 |
_aالإعتمادات المستندية / _cتأليف جمال يوسف عبد النبي. |
| 246 | 1 | 1 | _aDocumentary Credeits |
| 250 | _aالطبعه الاولى. | ||
| 264 | 3 | 1 |
_aعمان : _bمركز الكتاب الأكاديمي، _c2001. |
| 300 | _a240 صفحه. | ||
| 650 | 1 | 7 | _aالبنوك. |
| 650 | 1 | 7 | _aالبنوك الإسلامية. |
| 650 | 1 | 7 | _aبوالص الشحن. |
| 650 | 1 | 7 | _aعقود الشحن. |
| 650 | 1 | 7 | _aالشحن. |
| 650 | 1 | 7 | _aالوثائق التجارية. |
| 650 | 1 | 7 | _aوثائق النقل. |
| 650 | 1 | 7 | _aبنك التسوية الدولي. |
| 942 |
_2ddc _cBK |
||
| 999 |
_c42447 _d42447 |
||